Terdjemahan Leerboek van het Nederlandsche strafrecht : (Record no. 72803)

MARC details
000 -LEADER
fixed length control field 00742cam a22002411a 4500
001 - CONTROL NUMBER
control field sa 67001671
003 - CONTROL NUMBER IDENTIFIER
control field DLC
005 - DATE AND TIME OF LATEST TRANSACTION
control field 20260227112325.0
008 - FIXED-LENGTH DATA ELEMENTS--GENERAL INFORMATION
fixed length control field 841127s1964 io 000 0 ind
010 ## - LIBRARY OF CONGRESS CONTROL NUMBER
LC control number sa 67001671
025 ## - OVERSEAS ACQUISITION NUMBER
Overseas acquisition number PL480:Indo-2912
035 ## - SYSTEM CONTROL NUMBER
System control number (OCoLC)11423028
040 ## - CATALOGING SOURCE
Original cataloging agency DLC
Transcribing agency IU
Modifying agency IU
-- DLC
042 ## - AUTHENTICATION CODE
Authentication code premarc
043 ## - GEOGRAPHIC AREA CODE
Geographic area code e-ne---
050 00 - LIBRARY OF CONGRESS CALL NUMBER
Classification number LAW <Indonesia 7 Simon 1964>
100 1# - MAIN ENTRY--PERSONAL NAME
Personal name Simons, D.
245 10 - TITLE STATEMENT
Title Terdjemahan Leerboek van het Nederlandsche strafrecht :
Remainder of title Bab. xvii, xviii, xix /
Statement of responsibility, etc. oleh D. Simons.
260 ## - PUBLICATION, DISTRIBUTION, ETC.
Place of publication, distribution, etc. Jogjakarta :
Name of publisher, distributor, etc. Jajasan Badan Penerbit Gadjah Mada,
Date of publication, distribution, etc. [1964?]
300 ## - PHYSICAL DESCRIPTION
Extent 120 p. ;
Dimensions 21 cm.
500 ## - GENERAL NOTE
General note Cover title.
650 #0 - SUBJECT ADDED ENTRY--TOPICAL TERM
Topical term or geographic name entry element Criminal law
Geographic subdivision Netherlands
General subdivision Outlines, syllabi, etc.

No items available.

Powered by Koha